Strategic Management : (Record no. 363738)
[ view plain ]
| 000 -LEADER | |
|---|---|
| fixed length control field | 00654nam a2200145Ia 4500 |
| 008 - FIXED-LENGTH DATA ELEMENTS--GENERAL INFORMATION | |
| fixed length control field | 200619s9999 xx 000 0 und d |
| 020 ## - INTERNATIONAL STANDARD BOOK NUMBER | |
| International Standard Book Number | 978-1-4080-1918-4 |
| 100 ## - MAIN ENTRY--PERSONAL NAME | |
| Personal name | Volberda, Henk W. |
| 245 ## - TITLE STATEMENT | |
| Statement of responsibility, etc | Henk W. Volberda, Robert E. Morgan, Patrick Reinmoeller, Michael A. Hitt, R. Duane Ireland, Robert E. Hoskisson.-- |
| Title | Strategic Management : |
| Remainder of title | Competitiveness and Globalization ; Concept and cases |
| 260 ## - PUBLICATION, DISTRIBUTION, ETC. (IMPRINT) | |
| Place of publication, distribution, etc | United Kingdom: |
| Name of publisher, distributor, etc | South Western Higher Education ; Cengage Learning |
| Date of publication, distribution, etc | 2011 |
| 300 ## - PHYSICAL DESCRIPTION | |
| Extent | xxxv, 879 pages |
| 500 ## - GENERAL NOTE | |
| General note | Includes glossary, name, company and subject index. |
| 650 ## - SUBJECT ADDED ENTRY--TOPICAL TERM | |
| Topical term or geographic name as entry element | Industrial management. |
| 650 ## - SUBJECT ADDED ENTRY--TOPICAL TERM | |
| Topical term or geographic name as entry element | Strategic planning. |
| Withdrawn status | Lost status | Damaged status | Home library | Current library | Shelving location | Date acquired | Total Checkouts | Full call number | Barcode | Date last seen | Price effective from | Koha item type |
|---|---|---|---|---|---|---|---|---|---|---|---|---|
| Southville International School Affiliated with Foreign Universities Library | Southville International School Affiliated with Foreign Universities Library | Southville Foreign University Section | 06/19/2020 | HD 30.28 .V899 2011 | SFU0679 | 06/19/2020 | 06/19/2020 | Books |